000 00371nam a2200157Ia 4500
008 230711s9999||||xx |||||||||||||| ||und||
041 _aENG
082 _a720
_bCO-E
100 _aKeith Collier
245 0 _aEstimating construction cost
250 _a1st Ed.
260 _c1984
_aNew Delhi
_bReston Publication
300 _a315
650 _aArchitecture
942 _cBK
999 _c1639
_d1639